Chansons françaises commençant par un même mot - #2 - Statistiques

Statistiques générales
  • Ce quiz a été pris 249 fois
  • Le résultat moyen est 15 sur 20
Statistiques - réponses
Mot Titre 1 Artiste 1 Titre 2 Artiste 2 % Correct
Place des grands hommes Patrick Bruel de la République Cœur de Pirate
91%
Tout oublier Angèle donner GIMS
91%
Juste une photo de toi M. Pokora une illusion Jean-Louis Aubert
88%
Sans contrefaçon Mylène Farmer toi Pomme
88%
Encore un matin Jean-Jacques Goldman une fois Orelsan & Yamê
87%
Que je t'aime Johnny Hallyday tu reviennes Patrick Fiori
85%
Dieu m'a donné la foi Ophélie Winter merci Dadju & Tiakola
83%
Donne moi le temps Jenifer moi ton coeur Louane
82%
Sous le vent Garou le ciel de Paris Yves Montand
82%
Qui est l'exemple ? Rohff de nous deux M
81%
Paris va bien Sexion d'assaut Seychelles Julien Doré
80%
Pas Vianney de boogie woogie Eddie Mitchell
79%
Plus près des étoiles Gold haut Claudio Capéo
74%
Pourvu qu'elles soient douces Mylène Farmer qu'elles m'aiment Booba
73%
Parce que tu crois Charles Aznavour qu'on vient de loin Corneille
71%
Être une femme Michel Sardou à la hauteur Emmanuel Moire
66%
Parle à ma main Fatal Bazooka moi Isabelle Boulay
66%
Vive le vent Francis Blanche les vacances Dorothée
36%
Bienvenue chez moi Stromae dans la Secte La Secte Phonétik
35%
Partir un jour 2 be 3 loin 113
20%
Aucun quiz correspondant
Distribution des résultats
% des personnes avec chaque résultat
Percentile par nombre de réponses
Votre historique - résultats
Vous n’avez pas pris ce quiz